| 000 | 00922nam a2200241Ia 4500 | ||
|---|---|---|---|
| 003 | GCL | ||
| 008 | 140319s9999 xx 000 0 ara d | ||
| 040 |
_aGCL / _cGCL |
||
| 082 | 0 | 4 |
_a810.8 _bش ا |
| 100 | 1 | _aالشريف المرتضى: ابو القاسم على بن الحسين بن موسى بن محمد بن ابرهيم | |
| 245 | 1 | 0 |
_aامالى المرتضى- غرر الفوائد ودرر القلائد / _cالشريف المرتضى: ابو القاسم على بن الحسين بن موسى بن محمد بن ابرهيم |
| 700 | 1 | _aالموسوى العلوى | |
| 260 |
_a[S.N] : _bدار احياء الكتب العربية ، _c1954 |
||
| 300 | _aمتعدد الترقيم | ||
| 490 | _a | ||
| 650 | 0 | 4 | _aالادب العربى |
| 650 | 0 | 4 | _aالعلم |
| 650 | 0 | 4 | _aالادب |
| 650 | 0 | 4 | _aالشعر |
| 650 | 0 | 4 | _aالكلام |
| 650 | 0 | 4 | _aالمجموعات |
| 942 |
_2ddc _cBK |
||
| 999 |
_c58786 _d58786 |
||